Electrical power transmission & distribution

Bibliographic Details
Main Author: Bakshi, Uday A
Format: Book
Published: New Delhi : Technical Publications Pune , [s.n]
Subjects:

MARC

LEADER 00000cam a2200000 7i4500
001 0000039227
005 20131213.0
008 131212
020 |a 8184312713 
090 0 0 |a 621.319   |b BAK 
100 1 |a Bakshi, Uday A 
245 1 0 |a Electrical power transmission & distribution   |c Uday A. Bakshi & Mayuresh V. Bakshi 
260 |a New Delhi :   |b Technical Publications Pune ,   |c [s.n] 
650 0 |a Electric power distribution 
650 0 |a Electric power transmission 
650 0 |a Electricity supply engineering 
999 |a 0001257339   |b Book   |c Adult Collection   |e Perbadanan Perpustakaan Awam Johor